Visualizzazione normale
Vista MARC
- Zampa, Giorgio
di Personal Name
Records bibliografici associati: 1
001 - CONTROL NUMBER
- control field: 57499
003 - CONTROL NUMBER IDENTIFIER
- control field:
005 - DATE AND TIME OF LATEST TRANSACTION
- control field: 20181114162627.0
008 - FIXED-LENGTH DATA ELEMENTS
- fixed length control field: 181114|| aca||aabn | a|a d
040 ## - CATALOGING SOURCE
- Original cataloging agency:
- Transcribing agency:
100 ## - HEADING--PERSONAL NAME
- Personal name: Zampa, Giorgio
670 ## - SOURCE DATA FOUND
- Source citation: Work cat.: (): Mann, Thomas ; Premio Nobel (1929) 1875-1955 autore 57495, Romanzi brevi /, ©1977 [1990]